| 000 | 00604nmc a2200253 a 4500 | ||
|---|---|---|---|
| 003 | AR-BaBNM | ||
| 005 | 20251128204457.0 | ||
| 008 | 255119s1993 ||||||||||||||000 | spa|| | ||
| 020 | _a950-13-9104-3 | ||
| 040 | _cAR-BaBNM | ||
| 100 | 1 | _aHayakawa, Shodo | |
| 245 | 1 | 0 | _aIkebana de Japón |
| 260 |
_aBuenos Aires _bKapelusz _c1993 |
||
| 300 | 0 |
_a135 p. _bil., láms., tablas |
|
| 490 | 0 | _aCómo hacer | |
| 650 | 4 | _aARTESANIAS | |
| 650 | 4 | _aEDUCACION ARTISTICA | |
| 651 | 4 | _aJapón | |
| 653 | 0 | _aMANUALIDADES | |
| 653 | 0 | _aIKEBANA | |
| 700 | 1 | _aOhara, Houn | |
| 942 | _cBK | ||
| 998 | _cEnrique | ||
| 999 |
_c7572 _d7572 |
||